Gravitation and relativity (Record no. 14562)

MARC details
000 -LEADER
fixed length control field 00944nam a2200229Ia 4500
003 - CONTROL NUMBER IDENTIFIER
control field IN-BaIIA
008 - FIXED-LENGTH DATA ELEMENTS--GENERAL INFORMATION
fixed length control field 211028s9999 xx 000 0 eng d
020 ## - INTERNATIONAL STANDARD BOOK NUMBER
International Standard Book Number 81-900378-3-8
040 ## - CATALOGING SOURCE
Transcribing agency IIA Library
080 ## - UNIVERSAL DECIMAL CLASSIFICATION NUMBER
Universal Decimal Classification number 524.834(082.1)
Item number GRA
111 ## - MAIN ENTRY--MEETING NAME
Meeting name or jurisdiction name as entry element International Conference on General Relativity and Gravitation
Number of part/section/meeting 15th
Location of meeting Pune, India
Date of meeting or treaty signing 1997 Dec.16-21
9 (RLIN) 25901
245 #0 - TITLE STATEMENT
Title Gravitation and relativity
Remainder of title at the turn of the millenium; proceedings of the 15th International conference on general relativity and gravitation held in Pune, India, December 16-21, 1997
Statement of responsibility, etc. edited by N. Dadhich and J. Narlikar
260 ## - PUBLICATION, DISTRIBUTION, ETC.
Place of publication, distribution, etc. Pune
Name of publisher, distributor, etc. Inter-University Centre for Astronomy and Asrophysics
Date of publication, distribution, etc. 1998
300 ## - PHYSICAL DESCRIPTION
Extent iii, 510p.
650 ## - SUBJECT ADDED ENTRY--TOPICAL TERM
Topical term or geographic name entry element Colliding black holes
9 (RLIN) 25902
650 ## - SUBJECT ADDED ENTRY--TOPICAL TERM
Topical term or geographic name entry element Cosmic Illusions
9 (RLIN) 25903
650 ## - SUBJECT ADDED ENTRY--TOPICAL TERM
Topical term or geographic name entry element Cosmology
650 ## - SUBJECT ADDED ENTRY--TOPICAL TERM
Topical term or geographic name entry element Quantum gravity
9 (RLIN) 10418
700 ## - ADDED ENTRY--PERSONAL NAME
Personal name Dadhich, N., ed.
9 (RLIN) 25904
700 ## - ADDED ENTRY--PERSONAL NAME
Personal name Narlikar, J., ed.
9 (RLIN) 25905
942 ## - ADDED ENTRY ELEMENTS (KOHA)
Koha item type Books
Holdings
Withdrawn status Lost status Damaged status Not for loan Home library Current library Shelving location Date acquired Total Checkouts Full call number Barcode Date last seen Price effective from Koha item type
        IIA Library-Bangalore IIA Library-Bangalore General Stacks 11/04/2002   524.834(082.1)/ GRA 15484 05/11/2021 11/04/2002 Books

Powered by Koha